Finance a úvěr

Salvato in:
Dettagli Bibliografici
Natura: Periodico
Lingua:ceco
Pubblicazione: Praha Stát. nakl. techn. lit. 1990
Soggetti:
Tags: Aggiungi Tag
Nessun Tag, puoi essere il primo ad aggiungerne!!

MARC

LEADER 00000nas2a2200000 4500
001 s006367
005 20070125142705.2
041 0 |a cze 
044 |a CZ 
245 1 0 |a Finance a úvěr 
264 1 |a Praha  |b Stát. nakl. techn. lit.  |c 1990 
300 |a 2 zv. 
773 0 |w eu_un_cat*s120052 
610 2 0 |a financie 
610 2 0 |a úver